MARC details
| 000 -LEADER |
| fixed length control field |
01987nam a2200577 a 4500 |
| 001 - CONTROL NUMBER |
| control field |
21528 |
| 003 - CONTROL NUMBER IDENTIFIER |
| control field |
VRT |
| 005 - DATE AND TIME OF LATEST TRANSACTION |
| control field |
20260303152755.0 |
| 008 - FIXED-LENGTH DATA ELEMENTS--GENERAL INFORMATION |
| fixed length control field |
240314 2011 xo a j 000 f slo |
| 015 ## - NATIONAL BIBLIOGRAPHY NUMBER |
| National bibliography number |
SNBA2011/08-04742 |
| 020 ## - INTERNATIONAL STANDARD BOOK NUMBER |
| International Standard Book Number |
9788080711368 |
| Qualifying information |
(viaz.) |
| 039 #9 - LEVEL OF BIBLIOGRAPHIC CONTROL AND CODING DETAIL [OBSOLETE] |
| Level of rules in bibliographic description |
202403141653 |
| Level of effort used to assign nonsubject heading access points |
VLOAD |
| Level of effort used to assign subject headings |
202307270805 |
| Level of effort used to assign classification |
AUTHORITY |
| Level of effort used to assign subject headings |
202307270739 |
| Level of effort used to assign classification |
AUTHORITY |
| Level of effort used to assign subject headings |
201808091600 |
| Level of effort used to assign classification |
VLOAD |
| 040 ## - CATALOGING SOURCE |
| Original cataloging agency |
TOTK |
| Language of cataloging |
slo |
| Transcribing agency |
TOTK |
| Modifying agency |
SNK |
| Description conventions |
AACR2 |
| 041 1# - LANGUAGE CODE |
| Language code of text/sound track or separate title |
slo |
| Language code of original |
cze |
| 044 ## - COUNTRY OF PUBLISHING/PRODUCING ENTITY CODE |
| MARC country code |
xo |
| ISO country code |
SK |
| 072 #7 - SUBJECT CATEGORY CODE |
| Subject category code |
821.162.3 |
| Subject category code subdivision |
Česká literatúra |
| Source |
konspekt |
| 072 #7 - SUBJECT CATEGORY CODE |
| Subject category code |
821-93 |
| Subject category code subdivision |
Literatúra pre deti a mládež |
| Source |
konspekt |
| 080 ## - UNIVERSAL DECIMAL CLASSIFICATION NUMBER |
| Universal Decimal Classification number |
821.162.3-34 |
| Edition identifier |
2001 |
| 080 ## - UNIVERSAL DECIMAL CLASSIFICATION NUMBER |
| Universal Decimal Classification number |
821-93 |
| Edition identifier |
2001 |
| 080 ## - UNIVERSAL DECIMAL CLASSIFICATION NUMBER |
| Universal Decimal Classification number |
(0:82-34) |
| Edition identifier |
2001 |
| 100 1# - MAIN ENTRY--PERSONAL NAME |
| Personal name |
Loderová, Ludmila |
| Relationship |
aut |
| 245 10 - TITLE STATEMENT |
| Title |
Žabka Žblnka |
| Remainder of title |
príbehy z rybníčka Kvakykvak |
| Statement of responsibility, etc. |
Ludmila Loderová ; [ilustrovala:] Darina Krygielová ; [preklad Ľubica Brezovická Šebeková] |
| 250 ## - EDITION STATEMENT |
| Edition statement |
1. vyd. |
| 260 ## - PUBLICATION, DISTRIBUTION, ETC. |
| Place of publication, distribution, etc. |
Vrútky |
| Name of publisher, distributor, etc. |
Advent-Orion |
| Date of publication, distribution, etc. |
2011 |
| 300 ## - PHYSICAL DESCRIPTION |
| Extent |
211 s. |
| Other physical details |
fareb. ilustr. |
| Dimensions |
19 cm |
| 655 #7 - INDEX TERM--GENRE/FORM |
| Genre/form data or focus term |
české rozprávky |
| Source of term |
SNKPH |
| 655 #7 - INDEX TERM--GENRE/FORM |
| Genre/form data or focus term |
publikácie pre deti |
| Source of term |
SNKPH |
| 655 #7 - INDEX TERM--GENRE/FORM |
| Genre/form data or focus term |
Czech fairy tales |
| Source of term |
SNKPHeng |
| 655 #7 - INDEX TERM--GENRE/FORM |
| Genre/form data or focus term |
Children's literature |
| Source of term |
SNKPHeng |
| 700 1# - ADDED ENTRY--PERSONAL NAME |
| Personal name |
Brezovická Šebeková, Ľubica |
| Relationship |
trl |
| 700 1# - ADDED ENTRY--PERSONAL NAME |
| Personal name |
Krygiel, Darina, |
| Dates associated with a name |
1965- |
| Relationship |
ill |
| 910 ## - USER-OPTION DATA (OCLC) |
| User-option data |
totk |
| 910 ## - USER-OPTION DATA (OCLC) |
| User-option data |
skpk |
| 910 ## - USER-OPTION DATA (OCLC) |
| User-option data |
bjkdg |
| 910 ## - USER-OPTION DATA (OCLC) |
| User-option data |
pokpoh |
| 910 ## - USER-OPTION DATA (OCLC) |
| User-option data |
savuk |
| 910 ## - USER-OPTION DATA (OCLC) |
| User-option data |
vthk |
| 910 ## - USER-OPTION DATA (OCLC) |
| User-option data |
ttkjf |
| 910 ## - USER-OPTION DATA (OCLC) |
| User-option data |
hevk |
| 910 ## - USER-OPTION DATA (OCLC) |
| User-option data |
snk |
| 942 ## - ADDED ENTRY ELEMENTS (KOHA) |
| Source of classification or shelving scheme |
Dewey Decimal Classification |
| Koha item type |
Krásna literatúra pre deti |
| Suppress in OPAC |
No |
| 949 ## - LOCAL PROCESSING INFORMATION (OCLC) |
| 6 |
17A0703141 |
| a |
snkSD 80212 |
| b |
snk2011/11474 |
| o |
1283/11 |
| 949 ## - LOCAL PROCESSING INFORMATION (OCLC) |
| 6 |
17A0703142 |
| a |
snkSD 80212 D1 |
| b |
snk2011/11475 |
| o |
1283/11 |
| 949 ## - LOCAL PROCESSING INFORMATION (OCLC) |
| 6 |
270001000383063 |
| a |
svkbbA 131395 |
| b |
svkbbm 718377 |
| 949 ## - LOCAL PROCESSING INFORMATION (OCLC) |
| 6 |
2889173551 |
| a |
savukPV 14862 |
| b |
savuk2011/3006 |
| 949 ## - LOCAL PROCESSING INFORMATION (OCLC) |
| 6 |
273K0536765 |
| a |
svkpoA 212015 |
| b |
svkpo542448 |
| 949 ## - LOCAL PROCESSING INFORMATION (OCLC) |
| 6 |
0174025760 |
| a |
lesknPRINT |
| b |
lesknBD2012/18948 |
| 980 ## - EQUIVALENCE OR CROSS-REFERENCE-SERIES STATEMENT--PERSONAL NAME/TITLE [LOCAL, CANADA] |
| Personal name |
821.162.3-34 |